University Home | Library Home | Institutional Repository

Guinness book of records / (Record no. 138555)

MARC details
000 -LEADER
fixed length control field 00763cam4a220022900 4500
001 - CONTROL NUMBER
control field tmp15699778
003 - CONTROL NUMBER IDENTIFIER
control field UPRA
005 - DATE AND TIME OF LATEST TRANSACTION
control field 20190823082705.0
008 - FIXED-LENGTH DATA ELEMENTS--GENERAL INFORMATION
fixed length control field 951006s1981 enk eng u
035 ## - SYSTEM CONTROL NUMBER
System control number (Sirsi) r96677
035 ## - SYSTEM CONTROL NUMBER
System control number (UPRA)tmp15699778
040 ## - CATALOGING SOURCE
Transcribing agency UPRA
245 00 - TITLE STATEMENT
Title Guinness book of records /
Statement of responsibility, etc. [edited by] Norris McWhirter [and] Stan Greenberg.
250 ## - EDITION STATEMENT
Edition statement 27th ed.
260 ## - PUBLICATION, DISTRIBUTION, ETC.
Place of publication, distribution, etc. Enfield Middlesex :
Name of publisher, distributor, etc. Guinness Superlatives,
Date of publication, distribution, etc. [1981]
500 ## - GENERAL NOTE
General note 1st ed. published 1955.
500 ## - GENERAL NOTE
General note Title varies: The Guinness book of superlatives.
650 #0 - SUBJECT ADDED ENTRY--TOPICAL TERM
Topical term or geographic name entry element Curiosities and wonders.
Linkage S16245.1
700 1# - ADDED ENTRY--PERSONAL NAME
Personal name McWhirter, Norris, 1925-
Dates associated with a name McWhirter, Norris, 1925-
Linkage A23026.1
949 ## - LOCAL PROCESSING INFORMATION (OCLC)
a AG243
w lcc
i -136917
m MAIN
t BOOK
l ON-SHELF

No items available.

© 2026 - The University of Zambia Library - Koha v25.11